[Event "2007. Central Serbia champions"]
[Site "Vrnjacka Banja"]
[Date "2007.12.16"]
[Round "9.2"]
[White "Chelushkina, Irina"]
[Black "Pikula, Dejan"]
[Result "0-1"]
[WhiteElo "2351"]
[BlackElo "2494"]
[PlyCount "56"]
[EventDate "2007.12.10"]

1. e4 c5 2. Nf3 e6 3. c3 d5 4. exd5 Qxd5 5. d4 Nf6 6. Be2 Nc6 7. O-O cxd4 8.
cxd4 Be7 9. Nc3 Qd8 10. a3 O-O 11. Bf4 b6 12. Bc4 Bb7 13. Ba2 Rc8 14. Qd3 Na5
15. Ng5 g6 16. Nxe6 fxe6 17. Bxe6+ Kh8 18. b4 Rxc3 19. Qxc3 Nd5 20. Be5+ Bf6
21. Qh3 Bxe5 22. Bxd5 Bxd4 23. Bxb7 Nxb7 24. Rad1 Rxf2 25. Kh1 Rxf1+ 26. Rxf1
Nd6 27. Qd3 Nf5 28. Rd1 h5 0-1

[Event "2007. Central Serbia champions"]
[Site "Vrnjacka Banja"]
[Date "2007.12.16"]
[Round "9.3"]
[White "Maksimovic, Branimir"]
[Black "Savic, Miodrag R"]
[Result "0-1"]
[WhiteElo "2367"]
[BlackElo "2539"]
[PlyCount "42"]
[EventDate "2007.12.10"]

1. d4 Nf6 2. c4 e6 3. Nc3 Bb4 4. g3 d5 5. Bg2 O-O 6. Nf3 Nbd7 7. Qb3 a5 8. O-O
c6 9. Bf4 b6 10. cxd5 cxd5 11. Nb5 Ba6 12. Nc7 Bc4 13. Qe3 Rc8 14. a3 Ng4 15.
Qc1 Be7 16. h3 Ngf6 17. Ng5 h5 18. Ngxe6 fxe6 19. Nxe6 Qe8 20. Nxf8 Bxf8 21.
Rb1 Qg6 0-1

[Event "2007. Central Serbia champions"]
[Site "Vrnjacka Banja"]
[Date "2007.12.16"]
[Round "9.7"]
[White "Kostic, Vladimir G"]
[Black "Bozic, Milan"]
[Result "1-0"]
[WhiteElo "2402"]
[BlackElo "2435"]
[PlyCount "53"]
[EventDate "2007.12.10"]

1. e4 Nc6 2. Nf3 d6 3. d4 Nf6 4. Nc3 Bg4 5. Be3 g6 6. Be2 Bg7 7. O-O O-O 8. Qd2
Re8 9. Rad1 Bxf3 10. Bxf3 e5 11. dxe5 Nxe5 12. Be2 Qc8 13. h3 Ned7 14. Bd3 b6
15. Rfe1 Nc5 16. Bxc5 bxc5 17. Bc4 Qb7 18. b3 Rad8 19. e5 Nd7 20. e6 fxe6 21.
Bxe6+ Rxe6 22. Rxe6 Nf8 23. Ree1 Bd4 24. Ne4 d5 25. Qg5 Ne6 26. Qe7 Qc8 27.
Rxd4 1-0

[Event "2007. Central Serbia champions"]
[Site "Vrnjacka Banja"]
[Date "2007.12.16"]
[Round "9.8"]
[White "Zivkovic, Ivan B"]
[Black "Kojovic, Dragan"]
[Result "1-0"]
[WhiteElo "2222"]
[BlackElo "2413"]
[PlyCount "81"]
[EventDate "2007.12.10"]

1. e4 c5 2. Nf3 e6 3. d4 cxd4 4. Nxd4 a6 5. Bd3 Nc6 6. Nxc6 dxc6 7. O-O e5 8.
Nd2 Bd6 9. a4 Nf6 10. Nc4 Bc7 11. Bg5 h6 12. Bd2 Be6 13. Ne3 a5 14. Qf3 Nd7 15.
Nf5 Qf6 16. Qg3 Bxf5 17. exf5 O-O 18. c4 Bd6 19. Qg4 Rfe8 20. Rad1 Bc5 21. h4
Bd4 22. Bc1 Nc5 23. Bc2 b6 24. Rfe1 Rab8 25. b3 Rbd8 26. g3 e4 27. Kg2 Bc3 28.
Rh1 Rxd1 29. Rxd1 Re5 30. Be3 Rxf5 31. Bxe4 Nxe4 32. Qxe4 Re5 33. Qd3 Re8 34.
Bxb6 Rb8 35. Bd8 Qe5 36. Bc7 Qxc7 37. Qxc3 Qb6 38. Rd3 Qc5 39. Rd7 Qf5 40. Rd4
Qe5 41. Rd8+ 1-0

[Event "2007. Central Serbia champions"]
[Site "Vrnjacka Banja"]
[Date "2007.12.16"]
[Round "9.9"]
[White "Djosic, Slavoljub"]
[Black "Lajthajm, Borko"]
[Result "0-1"]
[WhiteElo "2280"]
[BlackElo "2512"]
[PlyCount "71"]
[EventDate "2007.12.10"]

1. Nf3 g6 2. e4 Bg7 3. Bc4 c6 4. Nc3 b5 5. Be2 d6 6. O-O Nd7 7. d4 Bb7 8. a3 a6
9. Bg5 Qc7 10. Qd2 Ngf6 11. Rfe1 h6 12. Bh4 Rd8 13. Bf1 O-O 14. Rad1 Rfe8 15.
Bg3 Nh5 16. Bh4 Nhf6 17. Bg3 Nh7 18. e5 dxe5 19. Nxe5 Qc8 20. Qe3 c5 21. dxc5
Nxc5 22. Rxd8 Rxd8 23. Rd1 Rxd1 24. Nxd1 Ne4 25. Bd3 Nxg3 26. hxg3 Nf6 27. Nc3
Qc7 28. Be2 Nd5 29. Nxd5 Bxd5 30. Nd3 Qxc2 31. Qxe7 Bc4 32. Qe8+ Kh7 33. Nf4
Bxe2 34. Nxe2 Qb1+ 35. Kh2 Qxb2 36. Nf4 0-1

[Event "2007. Central Serbia champions"]
[Site "Vrnjacka Banja"]
[Date "2007.12.16"]
[Round "9.12"]
[White "Biljanic, Ljubomir"]
[Black "Radenkovic, Dragan"]
[Result "1-0"]
[WhiteElo "2291"]
[BlackElo "2188"]
[PlyCount "45"]
[EventDate "2007.12.10"]

1. d4 e6 2. c4 d5 3. Nc3 Nf6 4. Bg5 Be7 5. e3 O-O 6. Nf3 Re8 7. Qc2 c6 8. Bd3
h6 9. h4 dxc4 10. Bxc4 b5 11. Bxf6 Bxf6 12. Bb3 a5 13. Qe4 a4 14. Bc2 a3 15. b4
Qd6 16. Rb1 Na6 17. Qh7+ Kf8 18. Ne4 Qd8 19. g4 Nxb4 20. Bb3 Ke7 21. g5 Nd3+
22. Kf1 Bxd4 23. Nxd4 1-0

[Event "2007. Central Serbia champions"]
[Site "Vrnjacka Banja"]
[Date "2007.12.16"]
[Round "9.13"]
[White "Mrsevic, Miroslav"]
[Black "Radovanovic, Slavko"]
[Result "1-0"]
[WhiteElo "2313"]
[BlackElo "2200"]
[PlyCount "96"]
[EventDate "2007.12.10"]

1. f4 Nf6 2. Nf3 c5 3. d3 d5 4. g3 Nc6 5. Bg2 e6 6. O-O Be7 7. a4 O-O 8. Na3
Bd7 9. c4 d4 10. Nc2 Qc7 11. Kh1 Rad8 12. b4 cxb4 13. Ncxd4 Nxd4 14. Nxd4 a5
15. e3 e5 16. fxe5 Qxe5 17. Qe2 Bg4 18. Qf2 Bc8 19. Qf3 Bd6 20. Ra2 Ng4 21. Re2
Qh5 22. h3 Nf6 23. Kg1 Qg6 24. Rd2 Bxg3 25. Nf5 Bxf5 26. Qxf5 b6 27. Bb2 Nd7
28. Bd4 Bd6 29. Qb5 Bc5 30. Rf4 Qg3 31. Re2 h5 32. Ref2 Bxd4 33. exd4 Nf6 34.
Qxb6 Rb8 35. Qxa5 b3 36. R4f3 Qd6 37. Qc3 Rfd8 38. d5 h4 39. Rb2 Qa3 40. a5 Re8
41. Rf1 Nh5 42. Rbf2 Qe7 43. Qb2 Qe3 44. Rd1 Ng3 45. Bf3 Nf5 46. Be4 Ng3 47. a6
Rxe4 48. dxe4 Nxe4 1-0

[Event "2007. Central Serbia champions"]
[Site "Vrnjacka Banja"]
[Date "2007.12.16"]
[Round "9.14"]
[White "Marcetic, Predrag"]
[Black "Nikolic, Stanimir"]
[Result "0-1"]
[WhiteElo "2219"]
[BlackElo "2297"]
[PlyCount "100"]
[EventDate "2007.12.10"]

1. e4 c6 2. d4 g6 3. c4 Bg7 4. Nc3 d6 5. Be3 Nf6 6. f3 e5 7. dxe5 dxe5 8. Qxd8+
Kxd8 9. O-O-O+ Nbd7 10. g3 Kc7 11. Bh3 Re8 12. Nge2 Bf8 13. Na4 Nb6 14. Nxb6
axb6 15. Bxc8 Rexc8 16. a3 Ra4 17. Nc3 Rxc4 18. Kc2 Bc5 19. Kd3 b5 20. Bxc5
Rxc5 21. b3 Ra8 22. Ra1 Nd7 23. Rhc1 Kd6 24. a4 b4 25. Nd1 Rxc1 26. Rxc1 b5 27.
axb5 cxb5 28. Rb1 Ra2 29. Ke3 Nc5 30. Nf2 f5 31. exf5 gxf5 32. Rd1+ Ke6 33. Nd3
Nxd3 34. Rxd3 Rxh2 35. Rd8 Rb2 36. Re8+ Kf6 37. Rf8+ Kg6 38. Rb8 Rxb3+ 39. Ke2
e4 40. fxe4 fxe4 41. Rxb5 h5 42. Kf2 Rf3+ 43. Kg2 b3 44. Re5 Rf5 45. Rxe4 Rb5
46. Re1 b2 47. Rb1 Kg5 48. Kf3 Rb8 49. Kf2 Kg4 50. Kg2 Rb7 0-1

[Event "2007. Central Serbia champions"]
[Site "Vrnjacka Banja"]
[Date "2007.12.16"]
[Round "9.15"]
[White "Pantic, Ivica"]
[Black "Spiric, Igor"]
[Result "0-1"]
[WhiteElo "2192"]
[BlackElo "2278"]
[PlyCount "92"]
[EventDate "2007.12.10"]

1. e4 e6 2. d4 b6 3. Bd3 Bb7 4. Qe2 Be7 5. Nf3 c5 6. c3 Nf6 7. e5 Nd5 8. O-O
Qc8 9. a3 cxd4 10. Nxd4 Nc6 11. Nb5 a6 12. Nd6+ Bxd6 13. exd6 Na5 14. Qg4 Qc6
15. Qg3 Nb3 16. Ra2 Nxc1 17. Rxc1 Nf4 18. Bf1 Qxd6 19. Qxg7 Nh3+ 20. Kh1 Nxf2+
21. Kg1 Nh3+ 22. Kh1 O-O-O 23. Qd4 Qf4 24. Qxf4 Nxf4 25. b4 Rhg8 26. c4 Rg6 27.
Nc3 Rdg8 28. Rcc2 h5 29. b5 a5 30. Na4 h4 31. h3 Be4 32. Rd2 e5 33. Nxb6+ Rxb6
34. c5 Rbg6 35. Kh2 Bxg2 36. Bxg2 Rxg2+ 37. Rxg2 Rxg2+ 38. Rxg2 Nxg2 39. Kxg2
a4 40. Kf3 f5 41. Ke3 Kc7 42. Kd3 d5 43. Kc3 f4 44. Kb4 f3 45. Kxa4 f2 46. c6
f1=Q 0-1

[Event "2007. Central Serbia champions"]
[Site "Vrnjacka Banja"]
[Date "2007.12.16"]
[Round "9.16"]
[White "Radosavljevic, Slobodan D"]
[Black "Ilic, Slobodan S"]
[Result "1/2-1/2"]
[WhiteElo "2256"]
[BlackElo "2166"]
[PlyCount "62"]
[EventDate "2007.12.10"]

1. e4 c5 2. Nf3 e6 3. d4 cxd4 4. c3 dxc3 5. Nxc3 d6 6. Bc4 Nc6 7. O-O Nf6 8.
Qe2 Be7 9. Rd1 e5 10. h3 O-O 11. Be3 Be6 12. Rac1 Rc8 13. Bxe6 fxe6 14. b4 a6
15. b5 axb5 16. Qxb5 Qd7 17. Bb6 h6 18. Qb3 Bd8 19. Na4 Nxe4 20. Qc4 d5 21.
Nxe5 Nxe5 22. Qxc8 Qxa4 23. Qxe6+ Nf7 24. Bxd8 Rxd8 25. Rxd5 Re8 26. Rc8 Nf6
27. Rdd8 Kf8 28. Rxe8+ Nxe8 29. g3 Qb5 30. h4 Qb1+ 31. Kg2 Qb5 1/2-1/2

[Event "2007. Central Serbia champions"]
[Site "Vrnjacka Banja"]
[Date "2007.12.16"]
[Round "9.17"]
[White "Pantelic, Sasa"]
[Black "Karaklajic, Milutin"]
[Result "1-0"]
[WhiteElo "2237"]
[BlackElo "2099"]
[PlyCount "137"]
[EventDate "2007.12.10"]

1. d4 e6 2. c4 f5 3. Nc3 Nf6 4. Bg5 Be7 5. f3 c6 6. Qd2 d5 7. O-O-O dxc4 8. e4
b5 9. Nh3 O-O 10. Kb1 fxe4 11. fxe4 h6 12. Bxf6 Bxf6 13. e5 Be7 14. Be2 Na6 15.
Bf3 Nb4 16. Be4 Nd5 17. Qe2 Bd7 18. Qg4 Bg5 19. Bc2 Ne3 20. Qe4 Nxc2 21. Qxc2
Be8 22. Ka1 Bh5 23. g4 Bxg4 24. Nxg5 Qxg5 25. Rdg1 Bf5 26. Qf2 Qh5 27. Qg2 Qf7
28. Ne4 Bxe4 29. Qxe4 Rac8 30. a4 bxa4 31. Rg3 Qf5 32. Qh4 Kh7 33. Rhg1 Rf7 34.
Rh3 Qf4 35. Qh5 Rb8 36. Qg6+ Kh8 37. Qxe6 a3 38. Rxa3 Qxd4 39. Rb1 Rfb7 40. Qd6
Qe4 41. Qc5 Re8 42. Re3 Rb5 43. Rxe4 Rxc5 44. Rbe1 c3 45. b4 Rb5 46. e6 c5 47.
Re5 Rxb4 48. Rxc5 Rb7 49. Rxc3 Rbe7 50. Rce3 g6 51. Kb2 Rc8 52. Rc3 Rxc3 53.
Kxc3 Kg7 54. Kd4 Kf8 55. Ke5 Rb7 56. Kf6 g5 57. Rc1 Rb8 58. Rc7 a5 59. Ra7 Kg8
60. Rxa5 g4 61. Rd5 Rf8+ 62. Kg6 Re8 63. Rd6 h5 64. Kf6 Kh7 65. Kf7 Rg8 66. e7
Rg7+ 67. Kf6 Rg6+ 68. Ke5 g3 69. Rxg6 1-0

[Event "2007. Central Serbia champions"]
[Site "Vrnjacka Banja"]
[Date "2007.12.16"]
[Round "9.18"]
[White "Antic, Dragan"]
[Black "Colovic, Zoran"]
[Result "0-1"]
[WhiteElo "2158"]
[BlackElo "2234"]
[PlyCount "62"]
[EventDate "2007.12.10"]

1. e4 c5 2. Nf3 Nc6 3. d4 cxd4 4. Nxd4 Nf6 5. Nc3 e5 6. Ndb5 d6 7. Nd5 Nxd5 8.
exd5 Ne7 9. c4 Nf5 10. Bd3 Be7 11. O-O O-O 12. Kh1 a6 13. Nc3 g6 14. f4 Bf6 15.
Ne4 Bg7 16. a4 exf4 17. Ra2 Ne3 18. Bxe3 fxe3 19. Qf3 f5 20. Nc3 f4 21. g3 Bh3
22. Rg1 fxg3 23. Qxg3 Qd7 24. Ne4 Bd4 25. Nxd6 Rf2 26. c5 Raf8 27. Be4 Rf1 28.
Ra1 e2 29. Bxg6 hxg6 30. Qxg6+ Qg7 31. Qxg7+ Bxg7 0-1

[Event "2007. Central Serbia champions"]
[Site "Vrnjacka Banja"]
[Date "2007.12.16"]
[Round "9.20"]
[White "Misailovic, Nebojsa"]
[Black "Milicevic, Miodrag"]
[Result "0-1"]
[WhiteElo "2318"]
[BlackElo "2243"]
[PlyCount "72"]
[EventDate "2007.12.10"]

1. e4 c5 2. Nc3 e6 3. g3 Nc6 4. Bg2 g6 5. d3 Bg7 6. Be3 d6 7. Qd2 Rb8 8. h4 b5
9. h5 b4 10. Nd1 Nge7 11. Bh6 Bxh6 12. Qxh6 Nd4 13. Qd2 d5 14. hxg6 fxg6 15. c3
bxc3 16. bxc3 Ndc6 17. Nh3 Ne5 18. Ng5 h6 19. d4 cxd4 20. cxd4 Nc4 21. Qf4 Qa5+
22. Kf1 Rb6 23. Qf7+ Kd7 24. exd5 Ba6 25. dxe6+ Kd8 26. Qg7 Rg8 27. Nf7+ Ke8
28. Qh7 Rxe6 29. Ba8 Nd6+ 30. Kg2 Nxf7 31. d5 Rf6 32. Rb1 Kf8 33. Rb8+ Bc8 34.
d6 Rxd6 35. Ne3 Rg7 36. Nc4 Qc7 0-1

[Event "2007. Central Serbia champions"]
[Site "Vrnjacka Banja"]
[Date "2007.12.16"]
[Round "9.21"]
[White "Jokic, Miodrag"]
[Black "Savic, Dragan"]
[Result "0-1"]
[WhiteElo "2174"]
[BlackElo "2229"]
[PlyCount "48"]
[EventDate "2007.12.10"]

1. d4 Nf6 2. c4 c5 3. d5 b5 4. a4 bxc4 5. Nc3 g6 6. e4 d6 7. f4 Nfd7 8. Nf3 Bg7
9. a5 Na6 10. Bxc4 Nb4 11. Kf2 Ba6 12. Bxa6 Nxa6 13. Qe2 Nb4 14. Rd1 Qc7 15.
Ra4 Rc8 16. Be3 Qb8 17. Kg3 O-O 18. h3 a6 19. Kh2 e6 20. e5 exd5 21. Nxd5 Nxd5
22. Rxd5 Qb3 23. Rc4 Rc6 24. Nd4 cxd4 0-1

[Event "2007. Central Serbia champions"]
[Site "Vrnjacka Banja"]
[Date "2007.12.16"]
[Round "9.22"]
[White "Simic, Milan"]
[Black "Tasic, Zoran"]
[Result "1/2-1/2"]
[WhiteElo "2140"]
[BlackElo "2178"]
[PlyCount "126"]
[EventDate "2007.12.10"]

1. d4 g6 2. c4 Bg7 3. Nc3 d6 4. e4 Nc6 5. Be3 e5 6. d5 Nd4 7. Nge2 Bg4 8. Qd3
Bxe2 9. Nxe2 Nxe2 10. Bxe2 b6 11. b4 Bh6 12. c5 Kf8 13. O-O Kg7 14. cxd6 Qxd6
15. a3 a5 16. Bxh6+ Nxh6 17. Qc3 axb4 18. axb4 f6 19. Rfc1 Rxa1 20. Rxa1 Re8
21. Ra7 Re7 22. Ba6 f5 23. f3 fxe4 24. fxe4 Ng8 25. Bc8 Nf6 26. Qc4 b5 27. Qxb5
Nxe4 28. Ra6 Qd8 29. Be6 Qf8 30. Qe2 Qf4 31. Rc6 Nd6 32. g3 Qd4+ 33. Kg2 e4 34.
b5 Qb4 35. b6 cxb6 36. Qf2 b5 37. Qf4 Nf7 38. Rc2 Qd6 39. Qxe4 Qe5 40. Qd3 Nd6
41. Re2 Qa1 42. Rf2 Qe5 43. Qf3 Qe4 44. Qxe4 Nxe4 45. Rf4 Ng5 46. Bg4 h5 47. d6
Re5 48. Bc8 Rd5 49. d7 Ne6 50. Re4 Nd8 51. h4 Kf6 52. Kf3 Nf7 53. Kf4 Rf5+ 54.
Ke3 Nd8 55. Kd4 Nc6+ 56. Ke3 Re5 57. Rxe5 Kxe5 58. Bb7 Nd8 59. Ba6 b4 60. Bd3
Kf6 61. Kf4 b3 62. Ke3 g5 63. Kd4 gxh4 1/2-1/2

[Event "2007. Central Serbia champions"]
[Site "Vrnjacka Banja"]
[Date "2007.12.16"]
[Round "9.23"]
[White "Dorontic, Zoran"]
[Black "Simic, Vladica"]
[Result "1/2-1/2"]
[WhiteElo "2167"]
[BlackElo "2082"]
[PlyCount "105"]
[EventDate "2007.12.10"]

1. e4 c5 2. Nf3 d6 3. d4 cxd4 4. Nxd4 Nf6 5. Nc3 a6 6. Be3 e5 7. Nb3 Be7 8. f3
Be6 9. Nd5 Bxd5 10. exd5 Nbd7 11. c4 Rc8 12. Rc1 b6 13. Be2 Nh5 14. Qd2 h6 15.
O-O Bg5 16. Bxg5 Qxg5 17. Qxg5 hxg5 18. g3 a5 19. Nd2 Nc5 20. b3 Ke7 21. Rce1
f5 22. a3 g6 23. b4 axb4 24. axb4 Nd7 25. Ra1 Ra8 26. Nb3 Nhf6 27. Rfd1 Rhc8
28. b5 Kd8 29. Kf2 Kc7 30. h3 Kb7 31. g4 Rxa1 32. Rxa1 Nc5 33. Nxc5+ Rxc5 34.
gxf5 gxf5 35. Rg1 Nh5 36. Rxg5 Nf4 37. Rg7+ Rc7 38. Rxc7+ Kxc7 39. Bf1 Kd7 40.
Ke3 Ke7 41. Bd3 Kf6 42. Bf1 Kg5 43. Kf2 Nh5 44. Ke3 f4+ 45. Kf2 Nf6 46. Bd3 Nd7
47. Kg2 Nc5 48. Bc2 Kh4 49. Kh2 Nb7 50. Bb3 Na5 51. Ba2 Nb7 52. Bb3 Nd8 53. Bc2
1/2-1/2

[Event "2007. Central Serbia champions"]
[Site "Vrnjacka Banja"]
[Date "2007.12.16"]
[Round "9.24"]
[White "Jovanovic, Miroslav V"]
[Black "Dodic, Dragan"]
[Result "0-1"]
[WhiteElo "2052"]
[BlackElo "2162"]
[PlyCount "129"]
[EventDate "2007.12.10"]

1. d4 d5 2. c3 Nf6 3. Bg5 c6 4. Bxf6 exf6 5. e3 f5 6. Bd3 Bd6 7. Qf3 g6 8. Nd2
Be6 9. Ne2 Nd7 10. Nf4 Qc7 11. h3 h5 12. Nxe6 fxe6 13. g4 hxg4 14. hxg4 O-O-O
15. O-O-O c5 16. Kb1 c4 17. Be2 b5 18. Rxh8 Rxh8 19. Rh1 Qd8 20. Qg2 Rxh1+ 21.
Qxh1 Qg8 22. g5 Kc7 23. f4 a5 24. Kc2 Nb6 25. Nf3 Nd7 26. Qh6 Bf8 27. Qh2 Bd6
28. b3 Kc6 29. bxc4 bxc4 30. Qh1 a4 31. Nd2 a3 32. Bf3 Qa8 33. Qb1 Qa5 34. Bd1
Nb6 35. Qc1 Na4 36. Nb1 Nb2 37. Be2 Qb5 38. Kd2 Kc7 39. Bd1 Qb8 40. Bf3 Nd3 41.
Qc2 Qb5 42. Bd1 Nb2 43. Bf3 Kb6 44. Ke2 Ka5 45. Kd2 Qb8 46. Qc1 Nd3 47. Qd1
Qb2+ 48. Qc2 Qxc2+ 49. Kxc2 Ne1+ 50. Kd2 Nxf3+ 51. Ke2 Nh2 52. Nd2 Kb6 53. Kf2
Bb4 54. Nb1 Bd6 55. Kg2 Ng4 56. Kf3 Kb5 57. Ke2 Bc7 58. Nd2 Ba5 59. Nf3 Bxc3
60. Nh4 Bb4 61. Nxg6 c3 62. Kd1 Nxe3+ 63. Kc1 Bd6 64. Kb1 Kb4 65. Kc1 0-1

[Event "2007. Central Serbia champions"]
[Site "Vrnjacka Banja"]
[Date "2007.12.16"]
[Round "9.25"]
[White "Manojlovic, Selimir"]
[Black "Draskovic, Dragan"]
[Result "1-0"]
[WhiteElo "2110"]
[BlackElo "2154"]
[PlyCount "99"]
[EventDate "2007.12.10"]

1. e4 e6 2. d4 d5 3. e5 c5 4. c3 Qb6 5. Nf3 Nc6 6. a3 cxd4 7. cxd4 Nh6 8. b4
Nf5 9. Be3 Nxe3 10. fxe3 Be7 11. Bd3 Bd7 12. O-O O-O 13. Nc3 Qd8 14. e4 Bc8 15.
Rc1 a6 16. Qe2 Bg5 17. Rc2 Bh6 18. h4 Ne7 19. g3 Bd7 20. Nh2 Qb6 21. Nf3 Rac8
22. Kg2 Bc6 23. Qf2 f6 24. exf6 Rxf6 25. e5 Rf7 26. Bxh7+ Kh8 27. Bd3 Rcf8 28.
Qg1 Qd8 29. a4 Qe8 30. b5 axb5 31. Nxb5 Nf5 32. Ng5 Re7 33. Nxe6 Ne3+ 34. Qxe3
Rxf1 35. Qe2 Ref7 36. Qg4 Bd7 37. Nbc7 Bxe6 38. Nxe6 Rc1 39. Rxc1 Bxc1 40. Bg6
Bh6 41. Bxf7 Qxf7 42. Ng5 Bxg5 43. hxg5 Qg6 44. Qf4 Qc2+ 45. Kh3 Kh7 46. e6 Qb1
47. e7 Qh1+ 48. Kg4 Qd1+ 49. Kf5 Qxa4 50. g6+ 1-0